[Event "Ordzhonikidze zt 1.9"]
[Site "Ordzhonikidze"]
[Date "2000.06.13"]
[Round "5"]
[White "Mikhaletz, Lubomir"]
[Black "Nosenko, Alexander"]
[Result "0-1"]
[WhiteElo "2513"]
[BlackElo "2427"]
[EventDate "2000.06.09"]
[PlyCount "150"]

1.e4 e6 2.d3 d5 3.Qe2 Nf6 4.Nd2 Nc6 5.Ngf3 dxe4 6.dxe4 e5 7.c3 a6 8.Nc4 
Bd6 9.a4 h6 10.g3 O-O 11.Bg2 a5 12.O-O Qe7 13.Nh4 Bc5 14.Ne3 Bxe3 15.Bxe3 
b6 16.Rfe1 Re8 17.h3 Ba6 18.Qf3 Qe6 19.Nf5 Ne7 20.h4 Bb7 21.Bc1 Rad8 22.
Bh3 Nxf5 23.exf5 Qc6 24.Qxc6 Bxc6 25.b4 Rd3 26.b5 Bd5 27.Ra3 Bf3 28.Bf1 
Rd1 29.Rxd1 Bxd1 30.c4 Bg4 31.c5 Bxf5 32.Bb2 Nd7 33.c6 Nc5 34.Ra1 Bc2 35.
Ba3 Nxa4 36.Rc1 Bf5 37.Rc4 Nc5 38.Bxc5 bxc5 39.Rxc5 f6 40.Bc4+ Kf8 41.f4 
a4 42.Kf2 h5 43.Bd5 a3 44.Ba2 Rd8 45.Ke1 Bg4 46.Rc2 Ke7 47.fxe5 fxe5 48.
Kf2 Rf8+ 49.Ke1 Rf3 50.b6 cxb6 51.c7 Rxg3 52.c8=Q Bxc8 53.Rxc8 Rg2 54.Bc4 
Rc2 55.Kd1 a2 56.Kxc2 a1=Q 57.Rc7+ Kd6 58.Rxg7 Kc5 59.Rc7+ Kd4 60.Bf7 e4 
61.Rc4+ Ke3 62.Rc3+ Kf2 63.Bxh5 e3 64.Kd3 Qa6+ 65.Rc4 Qa3+ 66.Ke4 e2 67.
Bxe2 Kxe2 68.Rc7 Kd1 69.Rc6 Qe7+ 70.Kd5 b5 71.Rb6 b4 72.h5 Kc2 73.Rc6+ Kd3
74.Rb6 Qf7+ 75.Ke5 b3 0-1

[Event "Ordzhonikidze zt 1.9"]
[Site "Ordzhonikidze"]
[Date "2000.06.13"]
[Round "5"]
[White "Moiseenko, Alexander"]
[Black "Moroz, Alexander"]
[Result "1-0"]
[WhiteElo "2573"]
[BlackElo "2513"]
[EventDate "2000.06.09"]
[PlyCount "61"]

1.d4 f5 2.Bg5 Nf6 3.Bxf6 exf6 4.e3 Qe7 5.Nc3 c6 6.Qf3 d5 7.Bd3 g6 8.h3 Na6
9.Bxa6 bxa6 10.Nge2 Rb8 11.Na4 Qb4+ 12.Nec3 a5 13.O-O Bd6 14.a3 Qb7 15.e4 
dxe4 16.Nxe4 Be7 17.Nec5 Qc7 18.Rfe1 Kf7 19.Qc3 Rd8 20.Re2 Bf8 21.Rae1 Rd5
22.Re8 f4 23.b3 Kg7 24.f3 Kf7 25.Kh2 Kg7 26.Nb2 Bxc5 27.dxc5 Rb7 28.Rh8 
Bf5 29.Ree8 Qf7 30.Nc4 Rxc5 31.Qe1 1-0

[Event "Ordzhonikidze zt 1.9"]
[Site "Ordzhonikidze"]
[Date "2000.06.13"]
[Round "5"]
[White "Neverov, Valeriy"]
[Black "Maksimenko, Andrei"]
[Result "1/2-1/2"]
[WhiteElo "2541"]
[BlackElo "2495"]
[EventDate "2000.06.09"]
[PlyCount "27"]

1.d4 d5 2.c4 dxc4 3.Nf3 Nf6 4.e3 e6 5.Bxc4 c5 6.O-O a6 7.Qe2 b5 8.Bd3 cxd4
9.exd4 Be7 10.a4 bxa4 11.Bg5 Bb7 12.Rxa4 O-O 13.Nc3 Nc6 14.Bxa6 1/2-1/2

[Event "Ordzhonikidze zt 1.9"]
[Site "Ordzhonikidze"]
[Date "2000.06.13"]
[Round "5"]
[White "Romanishin, Oleg M"]
[Black "Zubarev, Alexander"]
[Result "1-0"]
[WhiteElo "2578"]
[BlackElo "2476"]
[EventDate "2000.06.09"]
[PlyCount "85"]

1.d4 Nf6 2.Nf3 e6 3.g3 b6 4.Bg2 Bb7 5.c4 Be7 6.Nc3 O-O 7.O-O Ne4 8.Bd2 f5 
9.Qc2 Bf6 10.Rad1 Nxc3 11.Bxc3 Be4 12.Qc1 d6 13.Ne1 Bxg2 14.Nxg2 Nd7 15.
Qc2 Re8 16.Nf4 Bg5 17.e3 g6 18.d5 Bxf4 19.exf4 Nf6 20.Rfe1 exd5 21.Rxe8+ 
Nxe8 22.cxd5 Qd7 23.Rc1 a5 24.Qd3 Qf7 25.Qd4 Kf8 26.Re1 Qg8 27.h3 Rd8 28.
g4 fxg4 29.hxg4 Rd7 30.Re3 Re7 31.Rg3 Qg7 32.Qd2 Qh6 33.Qd4 Qg7 34.Qd3 Qf7
35.f5 gxf5 36.Rf3 Ng7 37.gxf5 Nh5 38.f6 Re8 39.Qf5 Qg6+ 40.Kf1 Rd8 41.f7 
Ng7 42.Qf6 Qb1+ 43.Be1 1-0

[Event "Ordzhonikidze zt 1.9"]
[Site "Ordzhonikidze"]
[Date "2000.06.13"]
[Round "5"]
[White "Sulypa, Alexandre"]
[Black "Brodsky, Michail"]
[Result "1/2-1/2"]
[WhiteElo "2449"]
[BlackElo "2514"]
[EventDate "2000.06.09"]
[PlyCount "91"]

1.d4 Nf6 2.c4 e6 3.Nf3 b6 4.g3 Bb7 5.Bg2 Be7 6.O-O O-O 7.Nc3 Ne4 8.Bd2 f5 
9.Qc2 Bf6 10.Rad1 Nxc3 11.Bxc3 Be4 12.Qd2 d6 13.Ne1 Bxg2 14.Nxg2 Qe7 15.
Qd3 Nd7 16.e4 fxe4 17.Qxe4 c5 18.Nf4 cxd4 19.Bxd4 Be5 20.Ne2 Rac8 21.b3 
Bf6 22.Qb7 Nb8 23.Qxe7 Bxe7 24.Nf4 Kf7 25.Rfe1 e5 26.Nd5 Rfe8 27.Bb2 Bf8 
28.Nc3 Re6 29.Re2 Be7 30.Rde1 Nc6 31.Nd5 Bf6 32.Kg2 Ree8 33.Rd1 Rcd8 34.
Re4 Rd7 35.f4 Rdd8 36.Nc7 Re7 37.Nd5 Ree8 38.Rd2 exf4 39.Rxf4 Ne5 40.Ba3 
Kg6 41.Nxf6 gxf6 42.Rfd4 Nf7 43.Rg4+ Ng5 44.Rf4 h5 45.Bb2 Re6 46.h4 
1/2-1/2

[Event "Ordzhonikidze zt 1.9"]
[Site "Ordzhonikidze"]
[Date "2000.06.14"]
[Round "6"]
[White "Brodsky, Michail"]
[Black "Mikhaletz, Lubomir"]
[Result "1/2-1/2"]
[WhiteElo "2514"]
[BlackElo "2513"]
[EventDate "2000.06.09"]
[PlyCount "96"]

1.e4 Nc6 2.Nf3 d6 3.d4 Nf6 4.c3 g6 5.Bd3 Bg7 6.O-O O-O 7.Re1 Nd7 8.Na3 e5 
9.Nc2 Kh8 10.Bg5 f6 11.Bh4 h5 12.h3 Bh6 13.Ne3 Ne7 14.Bc2 Kg7 15.Nd2 Bxe3 
16.Rxe3 g5 17.Bg3 h4 18.Bh2 Ng6 19.Nf1 Nb6 20.Re1 Be6 21.Bb3 Qd7 22.Ne3 
Ne7 23.Bxe6 Qxe6 24.Qb3 Qf7 25.Rad1 Qxb3 26.axb3 a5 27.c4 c5 28.dxc5 dxc5 
29.Rd6 Nc6 30.g3 Nc8 31.Nf5+ Kg6 32.Rd7 Rf7 33.Rxf7 Kxf7 34.gxh4 gxh4 35.
f4 Nd4 36.Nxh4 exf4 37.Bxf4 a4 38.bxa4 Rxa4 39.Be3 Nc2 40.Re2 Rxc4 41.Nf5 
Ke6 42.Bxc5 Rxc5 43.Rxc2 Rxc2 44.Nd4+ Ke5 45.Nxc2 Kxe4 46.Kf2 Kd3 47.Ne3 
Nd6 48.Kf3 b5 1/2-1/2

[Event "Ordzhonikidze zt 1.9"]
[Site "Ordzhonikidze"]
[Date "2000.06.14"]
[Round "6"]
[White "Eingorn, Vereslav S"]
[Black "Borovikov, Vladislav"]
[Result "1-0"]
[WhiteElo "2597"]
[BlackElo "2472"]
[EventDate "2000.06.09"]
[PlyCount "91"]

1.c4 c5 2.Nf3 Nc6 3.Nc3 e5 4.d3 d6 5.a3 Nge7 6.Rb1 a5 7.g3 g6 8.Bg5 Bg7 9.
Bg2 O-O 10.Bxe7 Nxe7 11.O-O Rb8 12.b4 axb4 13.axb4 cxb4 14.Rxb4 d5 15.Nxd5
Nxd5 16.cxd5 Qxd5 17.Qb1 Qd6 18.Nd2 Qe7 19.Nc4 h5 20.Rc1 h4 21.Nb6 hxg3 
22.hxg3 Be6 23.Bd5 Rfd8 24.Bxe6 Qxe6 25.Qb3 Qxb3 26.Rxb3 Rd6 27.Rcb1 Rd4 
28.e3 Rd6 29.Kf1 Rbd8 30.Ke2 Rc6 31.R1b2 Bf8 32.Rb5 Rc3 33.Nd5 Ra3 34.e4 
Ra7 35.Nf6+ Kh8 36.Ng4 Bg7 37.Nxe5 Kg8 38.f4 Ra1 39.Rxb7 Bxe5 40.fxe5 Ra3 
41.R7b3 Raa8 42.Ke3 Kg7 43.Rb7 Ra3 44.R2b3 Ra6 45.R3b6 Ra3 46.Rd6 1-0

[Event "Ordzhonikidze zt 1.9"]
[Site "Ordzhonikidze"]
[Date "2000.06.14"]
[Round "6"]
[White "Goloshchapov, Alexander"]
[Black "Malakhatko, Vadim"]
[Result "1/2-1/2"]
[WhiteElo "2561"]
[BlackElo "2568"]
[EventDate "2000.06.09"]
[PlyCount "50"]

1.e4 c5 2.Nf3 e6 3.d4 cxd4 4.Nxd4 Nf6 5.Nc3 Nc6 6.Ndb5 d6 7.Bf4 e5 8.Bg5 
a6 9.Na3 b5 10.Nd5 Be7 11.Bxf6 Bxf6 12.c3 Ne7 13.Nxf6+ gxf6 14.g3 Bb7 15.
Bg2 f5 16.Qe2 Qc7 17.Nc2 fxe4 18.Bxe4 d5 19.Bg2 O-O 20.O-O f5 21.f4 e4 22.
a3 Rf6 23.Rad1 Rb8 24.Rd2 Bc8 25.Kh1 Be6 1/2-1/2

[Event "Ordzhonikidze zt 1.9"]
[Site "Ordzhonikidze"]
[Date "2000.06.14"]
[Round "6"]
[White "Maksimenko, Andrei"]
[Black "Moiseenko, Alexander"]
[Result "0-1"]
[WhiteElo "2495"]
[BlackElo "2573"]
[EventDate "2000.06.09"]
[PlyCount "56"]

1.d4 e6 2.Nf3 f5 3.c4 Nf6 4.g3 d5 5.Bg2 c6 6.O-O Bd6 7.Bf4 Bxf4 8.gxf4 O-O
9.e3 Qe7 10.Qc2 Kh8 11.Nbd2 Ne4 12.Nxe4 fxe4 13.Ne5 Nd7 14.Nxd7 Bxd7 15.f3
exf3 16.Rxf3 Rf6 17.Rh3 h6 18.Rg3 c5 19.cxd5 cxd4 20.exd4 exd5 21.Qc7 Re8 
22.Qxb7 Rxf4 23.Rf1 Rxf1+ 24.Bxf1 Rf8 25.Qa6 Qb4 26.Qd3 Qxb2 27.Rg2 Qa1 
28.a3 Bh3 0-1

[Event "Ordzhonikidze zt 1.9"]
[Site "Ordzhonikidze"]
[Date "2000.06.14"]
[Round "6"]
[White "Moroz, Alexander"]
[Black "Savchenko, Stanislav"]
[Result "1-0"]
[WhiteElo "2513"]
[BlackElo "2574"]
[EventDate "2000.06.09"]
[PlyCount "149"]

1.e4 c5 2.Nf3 d6 3.d4 cxd4 4.Nxd4 Nf6 5.Nc3 a6 6.Be2 e6 7.O-O Be7 8.f4 Qc7
9.a4 Nc6 10.Be3 O-O 11.Kh1 Re8 12.a5 Nxa5 13.e5 dxe5 14.fxe5 Qxe5 15.Bf4 
Qc5 16.Na4 Qa7 17.Bc7 b5 18.Nb6 Qxc7 19.Nxa8 Qd8 20.Rxa5 Bb7 21.Bf3 Nd5 
22.Qa1 Bd6 23.Rxa6 Be5 24.Bxd5 Qxd5 25.Nf3 Bxa6 26.Nb6 Qb7 27.Nxe5 Qxb6 
28.Rxf7 Qd4 29.Qe1 Rd8 30.Rf1 Bb7 31.Qg3 Be4 32.h3 Qd5 33.Rf2 Bf5 34.Kh2 
h6 35.c3 Ra8 36.Nf3 Qe4 37.Nd4 b4 38.Re2 Qd5 39.Re5 Qd7 40.Nxf5 exf5 41.
cxb4 Qd4 42.Qb3+ Kh7 43.Rxf5 Qd6+ 44.Qg3 Qxb4 45.b3 Qd4 46.Rf4 Qd5 47.b4 
Ra1 48.Rg4 Ra7 49.Qe3 Qd6+ 50.Qg3 Qd5 51.Qf4 Rf7 52.Qd4 Qxd4 53.Rxd4 Rf2 
54.Kg3 Rb2 55.Kf3 Kg6 56.Ke4 Rxg2 57.Kd5 Rb2 58.Kc5 Kf5 59.b5 Ke5 60.Rc4 
g5 61.b6 h5 62.Kc6 g4 63.hxg4 h4 64.Rc5+ Kf4 65.Rb5 Rc2+ 66.Kd7 Rd2+ 67.
Ke7 Re2+ 68.Kf7 Rd2 69.b7 Rd8 70.g5 h3 71.g6 h2 72.Rh5 Rd7+ 73.Kf8 Rxb7 
74.Rxh2 Kf5 75.g7 1-0

[Event "Ordzhonikidze zt 1.9"]
[Site "Ordzhonikidze"]
[Date "2000.06.14"]
[Round "6"]
[White "Nosenko, Alexander"]
[Black "Lerner, Konstantin Z"]
[Result "0-1"]
[WhiteElo "2427"]
[BlackElo "2575"]
[EventDate "2000.06.09"]
[PlyCount "152"]

1.d4 Nf6 2.Nf3 e6 3.c4 b6 4.g3 Ba6 5.b3 Bb4+ 6.Bd2 Be7 7.Bg2 O-O 8.O-O Bb7
9.Nc3 Na6 10.Bg5 d5 11.Bxf6 Bxf6 12.cxd5 exd5 13.Rc1 Qe7 14.Qd2 Rfd8 15.
Rfd1 c6 16.e3 Nc7 17.Qb2 c5 18.Qa3 Ne6 19.dxc5 bxc5 20.Na4 Rac8 21.Ne1 Be5
22.Rc2 g6 23.Qc1 Bg7 24.Nd3 Bf8 25.h4 Rc7 26.Kh2 Rdc8 27.Ndb2 Rd8 28.Nd3 
h5 29.Rdd2 Ba6 30.Qd1 d4 31.exd4 cxd4 32.Rxc7 Qxc7 33.Nab2 Rc8 34.Ne1 Qa5 
35.Nbd3 Bg7 36.f4 Bf6 37.Nf2 Nc5 38.Ne4 Nxe4 39.Bxe4 Re8 40.Bd3 Bb7 41.Re2
Rc8 42.Bc4 Qc7 43.Qd3 Kg7 44.Nf3 Qd7 45.Kg2 Rd8 46.Re1 a5 47.Kf2 Qh3 48.
Qf1 Qg4 49.Qd3 Bxf3 50.Qxf3 Qxf3+ 51.Kxf3 d3 52.Rf1 Bc3 53.a3 d2 54.Be2 
Re8 55.Rd1 Kf6 56.Kf2 Re6 57.Kf3 Ke7 58.f5 Re5 59.fxg6 fxg6 60.Bd3 Re1 61.
Bc2 Kd6 62.g4 Ke5 63.gxh5 gxh5 64.b4 axb4 65.axb4 Bxb4 66.Ba4 Kd4 67.Bc2 
Kc3 68.Ba4 Be7 69.Kg3 Kd3 70.Kf3 Bxh4 71.Bb5+ Kc3 72.Ba4 Be7 73.Kf2 Bc5+ 
74.Kf3 h4 75.Kg2 Kd3 76.Kf3 h3 0-1

[Event "Ordzhonikidze zt 1.9"]
[Site "Ordzhonikidze"]
[Date "2000.06.14"]
[Round "6"]
[White "Ovsejevitsch, Sergei"]
[Black "Baklan, Vladimir"]
[Result "1/2-1/2"]
[WhiteElo "2526"]
[BlackElo "2571"]
[EventDate "2000.06.09"]
[PlyCount "25"]

1.d4 Nf6 2.Nf3 e6 3.c4 b6 4.g3 Ba6 5.b3 Bb4+ 6.Bd2 Be7 7.Bg2 c6 8.Bc3 d5 
9.Ne5 Nfd7 10.Nxd7 Nxd7 11.Nd2 O-O 12.O-O Rc8 13.e4 1/2-1/2

[Event "Ordzhonikidze zt 1.9"]
[Site "Ordzhonikidze"]
[Date "2000.06.14"]
[Round "6"]
[White "Shneider, Aleksandr"]
[Black "Kuzmin, Gennadi P"]
[Result "1/2-1/2"]
[WhiteElo "2551"]
[BlackElo "2466"]
[EventDate "2000.06.09"]
[PlyCount "84"]

1.d4 Nf6 2.c4 e6 3.Nf3 d5 4.Nc3 Bb4 5.Bg5 h6 6.Bxf6 Qxf6 7.e3 O-O 8.Rc1 
dxc4 9.Bxc4 c5 10.O-O cxd4 11.exd4 Nc6 12.Ne4 Qf4 13.Qe2 Rd8 14.g3 Qg4 15.
Rfd1 Ba5 16.a3 Bb6 17.b4 Qh5 18.b5 Na5 19.Ba2 Rd5 20.Rc2 Bd7 21.a4 Rd8 22.
Nc5 Bc8 23.Bxd5 exd5 24.Ne5 Qh3 25.Ncd3 Nb3 26.Nf4 Qf5 27.Qd3 Qxd3 28.
Nexd3 Bf5 29.Rc3 Nxd4 30.Nc5 Ne6 31.Nxb7 Nxf4 32.gxf4 Rd7 33.a5 Bc7 34.b6 
Bxb6 35.axb6 Rxb7 36.bxa7 Rxa7 37.f3 Ra5 38.Rc6 g6 39.Rd2 h5 40.Kf2 h4 41.
Rd6 Be6 42.f5 gxf5 1/2-1/2

[Event "Ordzhonikidze zt 1.9"]
[Site "Ordzhonikidze"]
[Date "2000.06.14"]
[Round "6"]
[White "Timoshenko, Georgy"]
[Black "Gritsak, Orest"]
[Result "1-0"]
[WhiteElo "2584"]
[BlackElo "2522"]
[EventDate "2000.06.09"]
[PlyCount "85"]

1.e4 c5 2.Nf3 e6 3.d3 b6 4.g3 Bb7 5.Qe2 Ne7 6.Bg2 g6 7.h4 h6 8.O-O Bg7 9.
c3 d6 10.Rd1 O-O 11.d4 cxd4 12.cxd4 d5 13.e5 Ba6 14.Qe1 Nbc6 15.Bd2 Nf5 
16.Bc3 f6 17.Na3 fxe5 18.dxe5 Rf7 19.Nc2 Rc8 20.Ncd4 Ncxd4 21.Nxd4 Nxd4 
22.Bxd4 Rfc7 23.Bh3 Qe8 24.a4 Rc2 25.Rd2 Rxd2 26.Qxd2 Rc6 27.a5 Qc8 28.
axb6 axb6 29.Qe3 Qb7 30.Rc1 Rxc1+ 31.Qxc1 Qc8 32.Qc3 b5 33.Qa5 Bf8 34.Qb6 
Kf7 35.Bf1 Be7 36.Bd3 g5 37.h5 Kf8 38.Kg2 Kf7 39.f4 gxf4 40.gxf4 Kf8 41.f5
Qc1 42.f6 Qd2+ 43.Bf2 1-0

[Event "Ordzhonikidze zt 1.9"]
[Site "Ordzhonikidze"]
[Date "2000.06.14"]
[Round "6"]
[White "Zontakh, Andrey"]
[Black "Berelowitsch, Alexander"]
[Result "1/2-1/2"]
[WhiteElo "2576"]
[BlackElo "2505"]
[EventDate "2000.06.09"]
[PlyCount "83"]

1.e4 e6 2.d4 d5 3.Nc3 Bb4 4.e5 c5 5.a3 Bxc3+ 6.bxc3 Ne7 7.Qg4 O-O 8.Bd3 
Nbc6 9.Qh5 Ng6 10.Nf3 Qe8 11.Be3 c4 12.Bxg6 fxg6 13.Qg4 Ne7 14.h4 h6 15.
Kd2 Bd7 16.Ng1 b5 17.Ne2 a5 18.h5 g5 19.f4 gxf4 20.Nxf4 Nf5 21.Ng6 Rf7 22.
Qh3 b4 23.g4 bxc3+ 24.Kxc3 Nxe3 25.Qxe3 Qd8 26.Rhf1 Be8 27.Rxf7 Bxf7 28.
Nf4 Rb8 29.Ne2 Kf8 30.Rf1 Rb7 31.Kd2 Qh4 32.Qg3 Qe7 33.Qc3 Qd8 34.Qe3 Kg8 
35.Rg1 Qh4 36.Qg3 Qe7 37.Qc3 Qg5+ 38.Qe3 Qh4 39.Qf4 Kh7 40.Qg3 Qe7 41.Qe3 
Qh4 42.Qg3 1/2-1/2

[Event "Ordzhonikidze zt 1.9"]
[Site "Ordzhonikidze"]
[Date "2000.06.14"]
[Round "6"]
[White "Zubov, Alexander"]
[Black "Neverov, Valeriy"]
[Result "0-1"]
[WhiteElo "2482"]
[BlackElo "2541"]
[EventDate "2000.06.09"]
[PlyCount "90"]

1.e4 c5 2.Nf3 d6 3.d4 cxd4 4.Nxd4 Nf6 5.Nc3 a6 6.Be3 e5 7.Nb3 Be7 8.Qd2 
Ng4 9.g3 Be6 10.f4 Nxe3 11.Qxe3 exf4 12.gxf4 Bh4+ 13.Kd2 Nc6 14.Rg1 g5 15.
f5 Bd7 16.Rd1 h5 17.Kc1 g4 18.Kb1 Bg5 19.Qf2 Rh6 20.e5 Nxe5 21.Bg2 Rc8 22.
Nd5 Bh4 23.Qd2 Qg5 24.Qb4 Bxf5 25.Qxb7 Rxc2 26.Ka1 Bf2 27.Rgf1 Kf8 28.Nb4 
Kg7 29.Nxc2 Bxc2 30.Rd2 Bxb3 31.Rfxf2 Bc4 32.Qb4 Qe3 33.Rc2 Rf6 34.Qd2 
Qxf2 35.Qxf2 Rxf2 36.Rxf2 Bd3 37.b4 f5 38.Kb2 Kf6 39.Kc3 Kg5 40.Rd2 Bc4 
41.Rxd6 f4 42.Rd1 f3 43.Bf1 Bxf1 44.Rxf1 h4 45.Kd4 Kf4 0-1

[Event "Ordzhonikidze zt 1.9"]
[Site "Ordzhonikidze"]
[Date "2000.06.15"]
[Round "7"]
[White "Berelowitsch, Alexander"]
[Black "Timoshenko, Georgy"]
[Result "1-0"]
[WhiteElo "2505"]
[BlackElo "2584"]
[EventDate "2000.06.09"]
[PlyCount "73"]

1.e4 c5 2.Nf3 d6 3.d4 cxd4 4.Nxd4 Nf6 5.Nc3 a6 6.Bg5 e6 7.f4 Qb6 8.Nb3 h6 
9.Bxf6 Qe3+ 10.Qe2 Qxe2+ 11.Bxe2 gxf6 12.Bh5 Nc6 13.O-O-O b5 14.a4 bxa4 
15.Nxa4 Rb8 16.Nd2 Nb4 17.Nc3 Bb7 18.f5 Ke7 19.Nc4 d5 20.Na5 dxe4 21.Nxb7 
Rxb7 22.Nxe4 Rb5 23.Rd4 Nc6 24.Rc4 Rb6 25.Rd1 Bg7 26.Nc3 Rd8 27.Na4 Rdb8 
28.Nxb6 Rxb6 29.Bf3 Ne5 30.Rc7+ Ke8 31.Bh5 exf5 32.Bxf7+ Nxf7 33.Rdd7 h5 
34.Rxf7 Bh6+ 35.Kb1 Bf4 36.Ra7 Be5 37.Rh7 1-0

[Event "Ordzhonikidze zt 1.9"]
[Site "Ordzhonikidze"]
[Date "2000.06.15"]
[Round "7"]
[White "Borovikov, Vladislav"]
[Black "Nosenko, Alexander"]
[Result "0-1"]
[WhiteElo "2472"]
[BlackElo "2427"]
[EventDate "2000.06.09"]
[PlyCount "78"]

1.d4 Nf6 2.Nf3 e6 3.c4 b6 4.Nc3 Bb7 5.a3 d5 6.cxd5 Nxd5 7.e3 Nxc3 8.bxc3 
Be7 9.Bb5+ c6 10.Bd3 O-O 11.Qc2 h6 12.O-O c5 13.Qe2 Qc8 14.Bb2 Nd7 15.Rad1
Re8 16.e4 c4 17.Bc2 b5 18.e5 Bd5 19.Nd2 a5 20.Ne4 f5 21.exf6 Nxf6 22.Nxf6+
Bxf6 23.f4 Qb7 24.Bb1 Rf8 25.Bc1 b4 26.Qc2 bxc3 27.a4 Qb4 28.Qh7+ Kf7 29.
f5 Ke7 30.fxe6 c2 31.Bxc2 Qc3 32.Rxf6 Rxf6 33.Qxg7+ Kxe6 34.Ba3 Qe3+ 35.
Kh1 Bxg2+ 36.Qxg2 Rd8 37.Qc6+ Kf7 38.Qb7+ Ke8 39.Qb5+ Rd7 0-1

[Event "Ordzhonikidze zt 1.9"]
[Site "Ordzhonikidze"]
[Date "2000.06.15"]
[Round "7"]
[White "Gritsak, Orest"]
[Black "Maksimenko, Andrei"]
[Result "1/2-1/2"]
[WhiteElo "2522"]
[BlackElo "2495"]
[EventDate "2000.06.09"]
[PlyCount "21"]

1.Nf3 Nf6 2.c4 c6 3.Nc3 d5 4.e3 e6 5.b3 Nbd7 6.Bb2 Bd6 7.Qc2 O-O 8.Be2 Qe7
9.O-O e5 10.cxd5 Nxd5 11.Ne4 1/2-1/2

[Event "Ordzhonikidze zt 1.9"]
[Site "Ordzhonikidze"]
[Date "2000.06.15"]
[Round "7"]
[White "Lerner, Konstantin Z"]
[Black "Ovsejevitsch, Sergei"]
[Result "1/2-1/2"]
[WhiteElo "2575"]
[BlackElo "2526"]
[EventDate "2000.06.09"]
[PlyCount "48"]

1.d4 d5 2.c4 e6 3.Nf3 Nf6 4.Nc3 Be7 5.Bg5 O-O 6.e3 h6 7.Bxf6 Bxf6 8.Qd2 a6
9.Rc1 c6 10.e4 dxc4 11.Bxc4 Nd7 12.e5 Be7 13.Ne4 c5 14.Bb3 cxd4 15.O-O b6 
16.Rfd1 Nc5 17.Qf4 d3 18.Bc4 Bb7 19.Nxc5 Bxc5 20.Bxd3 Qe7 21.Be4 Rad8 22.
h4 a5 23.h5 Bxe4 24.Qxe4 Rd7 1/2-1/2

[Event "Ordzhonikidze zt 1.9"]
[Site "Ordzhonikidze"]
[Date "2000.06.15"]
[Round "7"]
[White "Malakhatko, Vadim"]
[Black "Eingorn, Vereslav S"]
[Result "1/2-1/2"]
[WhiteElo "2568"]
[BlackElo "2597"]
[EventDate "2000.06.09"]
[PlyCount "35"]

1.Nf3 c5 2.c4 b6 3.g3 Bb7 4.Bg2 g6 5.d4 cxd4 6.Qxd4 Nf6 7.O-O Bg7 8.Nc3 d6
9.Rd1 Nbd7 10.b3 Rc8 11.Bb2 O-O 12.Rac1 Rc5 13.Qd2 Qa8 14.Ne1 a6 15.Bxb7 
Qxb7 16.Nd3 Rcc8 17.Nb4 Rfe8 18.Nbd5 1/2-1/2

[Event "Ordzhonikidze zt 1.9"]
[Site "Ordzhonikidze"]
[Date "2000.06.15"]
[Round "7"]
[White "Mikhaletz, Lubomir"]
[Black "Zubarev, Alexander"]
[Result "1/2-1/2"]
[WhiteElo "2513"]
[BlackElo "2476"]
[EventDate "2000.06.09"]
[PlyCount "125"]

1.d4 Nf6 2.Nf3 e6 3.g3 c5 4.Bg2 d5 5.O-O Nc6 6.c4 Be7 7.dxc5 Bxc5 8.cxd5 
exd5 9.Bg5 O-O 10.Nc3 d4 11.Bxf6 Qxf6 12.Ne4 Qe7 13.Nxc5 Qxc5 14.Rc1 Qb6 
15.b3 Bg4 16.Qc2 Qa5 17.h3 Be6 18.Rfd1 Rad8 19.Qb2 Rd7 20.a3 d3 21.b4 Qb5 
22.Rc5 Qa4 23.Rxd3 Rxd3 24.exd3 Qd1+ 25.Kh2 Qxd3 26.b5 Na5 27.Ne5 Qd6 28.
Rc2 f6 29.Nf3 Nb3 30.Nd2 Nd4 31.Ne4 Qb6 32.Rd2 Nxb5 33.a4 Nc7 34.Qxb6 axb6
35.Rd6 Bd5 36.Rxb6 Ra8 37.Rb4 Bc6 38.Nc5 Bxg2 39.Kxg2 Na6 40.Nxa6 Rxa6 41.
Kf3 h5 42.Ke4 Ra5 43.Kd4 Kh7 44.Kc3 Rc5+ 45.Kb3 Rc1 46.a5 Rf1 47.Rf4 Kg6 
48.Ka4 Ra1+ 49.Kb5 Ra2 50.f3 Ra3 51.h4 Kf7 52.g4 hxg4 53.fxg4 g6 54.Rb4 
Ke6 55.Kb6 f5 56.gxf5+ gxf5 57.Rb5 f4 58.Kxb7 f3 59.Ka6 f2 60.Rb1 Rb3 61.
Rf1 Rb2 62.h5 Kf5 63.h6 1/2-1/2

[Event "Ordzhonikidze zt 1.9"]
[Site "Ordzhonikidze"]
[Date "2000.06.15"]
[Round "7"]
[White "Savchenko, Stanislav"]
[Black "Anapolsky, Sergey"]
[Result "1-0"]
[WhiteElo "2574"]
[BlackElo "2448"]
[EventDate "2000.06.09"]
[PlyCount "75"]

1.d4 e6 2.c4 Nf6 3.Nc3 Bb4 4.Qc2 O-O 5.a3 Bxc3+ 6.Qxc3 b6 7.Bg5 Ba6 8.e3 
d6 9.Bd3 Nbd7 10.Ne2 c5 11.Qc2 h6 12.Bh4 cxd4 13.exd4 e5 14.O-O Re8 15.Bf5
exd4 16.Nxd4 d5 17.Bxd7 Qxd7 18.Bxf6 gxf6 19.Rfd1 dxc4 20.Nf5 Qe6 21.Nxh6+
Kh8 22.h3 Rad8 23.Re1 Qd5 24.Rxe8+ Rxe8 25.Rd1 Qe6 26.Qc3 Bb7 27.Qg3 Be4 
28.Rd6 Qe7 29.Ng4 Rg8 30.Qh4+ Bh7 31.Nxf6 Rg7 32.Qd4 Qe1+ 33.Kh2 Rg5 34.
Ne4+ Rg7 35.Rd8+ Bg8 36.Rxg8+ Kxg8 37.Nf6+ Kf8 38.Qd8+ 1-0

[Event "Ordzhonikidze zt 1.9"]
[Site "Ordzhonikidze"]
[Date "2000.06.15"]
[Round "7"]
[White "Sulypa, Alexandre"]
[Black "Moroz, Alexander"]
[Result "1/2-1/2"]
[WhiteElo "2449"]
[BlackElo "2513"]
[EventDate "2000.06.09"]
[PlyCount "93"]

1.d4 f5 2.g3 Nf6 3.Bg2 e6 4.c4 c6 5.Nh3 d6 6.Nc3 Be7 7.d5 e5 8.e4 O-O 9.
Ng5 h6 10.Ne6 Bxe6 11.dxe6 fxe4 12.Nxe4 Na6 13.O-O Nc7 14.b4 a6 15.a4 Nxe6
16.Be3 Qd7 17.h4 Kh8 18.Rb1 Nc7 19.Bb6 Rac8 20.Nxf6 Bxf6 21.Kh2 Ne6 22.Qd3
Be7 23.Be3 Rf6 24.Qe4 Bf8 25.b5 axb5 26.axb5 Qf7 27.bxc6 bxc6 28.Rb6 c5 
29.Bh3 Rc7 30.Rb8 Nd4 31.Qa8 Nc2 32.Kg1 Nd4 33.Bxd4 cxd4 34.Bg2 g6 35.Bd5 
Qg7 36.Ra1 Kh7 37.Rd8 d3 38.Rd1 Ra7 39.Qc8 Rc7 40.Qb8 e4 41.Bxe4 Rxc4 42.
Bxd3 Rc5 43.Rb1 Rf7 44.h5 Rxh5 45.Bc4 d5 46.Bxd5 Re7 47.Bc4 1/2-1/2

[Event "Ordzhonikidze zt 1.9"]
[Site "Ordzhonikidze"]
[Date "2000.06.15"]
[Round "7"]
[White "Vysochin, Spartak"]
[Black "Brodsky, Michail"]
[Result "1/2-1/2"]
[WhiteElo "2494"]
[BlackElo "2514"]
[EventDate "2000.06.09"]
[PlyCount "36"]

1.e4 c5 2.Nf3 Nc6 3.Bb5 d6 4.O-O Bd7 5.Re1 Nf6 6.c3 a6 7.Bf1 Bg4 8.d4 cxd4
9.cxd4 d5 10.Nc3 e6 11.exd5 Nxd5 12.h3 Bxf3 13.Qxf3 Be7 14.Be3 O-O 15.Bc4 
Ncb4 16.Rac1 Rc8 17.Bxd5 Nxd5 18.Nxd5 Qxd5 1/2-1/2

[Event "Ordzhonikidze zt 1.9"]
[Site "Ordzhonikidze"]
[Date "2000.06.15"]
[Round "7"]
[White "Zubov, Alexander"]
[Black "Shneider, Aleksandr"]
[Result "1/2-1/2"]
[WhiteElo "2482"]
[BlackElo "2551"]
[EventDate "2000.06.09"]
[PlyCount "63"]

1.Nf3 Nf6 2.c4 e6 3.Nc3 d5 4.d4 Be7 5.Bg5 h6 6.Bxf6 Bxf6 7.e3 O-O 8.Rc1 c6
9.Bd3 Nd7 10.O-O dxc4 11.Bxc4 e5 12.h3 exd4 13.exd4 Nb6 14.Bb3 Bf5 15.Re1 
Re8 16.Rxe8+ Qxe8 17.Qd2 Qd7 18.Re1 a5 19.a3 Re8 20.Rxe8+ Qxe8 21.Qf4 Be6 
22.Bxe6 Qxe6 23.Qc7 Qb3 24.Qxb7 Qxb2 25.Qxc6 Qxa3 26.Nb5 Qb2 27.g3 a4 28.
Kg2 Kh7 29.d5 Nc8 30.Qxc8 Qxb5 31.Qf5+ Kg8 32.Qc8+ 1/2-1/2

[Event "Ordzhonikidze zt 1.9"]
[Site "Ordzhonikidze"]
[Date "2000.06.16"]
[Round "8"]
[White "Anapolsky, Sergey"]
[Black "Rogovski, Vladimir"]
[Result "1-0"]
[WhiteElo "2448"]
[BlackElo "2466"]
[EventDate "2000.06.09"]
[PlyCount "49"]

1.d4 e6 2.c4 b6 3.a3 Bb7 4.Nc3 f5 5.d5 Nf6 6.g3 c6 7.Bg2 cxd5 8.cxd5 Na6 
9.Nh3 e5 10.O-O d6 11.e4 fxe4 12.Ng5 Nc7 13.Ngxe4 Be7 14.f4 exf4 15.Nxf6+ 
Bxf6 16.Re1+ Kf7 17.Bxf4 Rf8 18.Re6 Be7 19.Qh5+ Kg8 20.Be4 Rf6 21.Qxh7+ 
Kf8 22.Bg6 Rxg6 23.Rxg6 Bf6 24.Bh6 Ne8 25.Rxf6+ 1-0

[Event "Ordzhonikidze zt 1.9"]
[Site "Ordzhonikidze"]
[Date "2000.06.16"]
[Round "8"]
[White "Berelowitsch, Alexander"]
[Black "Romanishin, Oleg M"]
[Result "1/2-1/2"]
[WhiteElo "2505"]
[BlackElo "2578"]
[EventDate "2000.06.09"]
[PlyCount "35"]

1.e4 e5 2.Nf3 Nc6 3.d4 exd4 4.Nxd4 Bc5 5.Nxc6 Qf6 6.Qd2 dxc6 7.Nc3 Ne7 8.
Qf4 Qe6 9.Qxc7 O-O 10.Bd3 Bd6 11.Qa5 b5 12.O-O Qe5 13.f4 Qd4+ 14.Kh1 Bb4 
15.Qc7 Bd6 16.Qa5 Bb4 17.Qc7 Bd6 18.Qa5 1/2-1/2

[Event "Ordzhonikidze zt 1.9"]
[Site "Ordzhonikidze"]
[Date "2000.06.16"]
[Round "8"]
[White "Goloshchapov, Alexander"]
[Black "Moiseenko, Alexander"]
[Result "1-0"]
[WhiteElo "2561"]
[BlackElo "2573"]
[EventDate "2000.06.09"]
[PlyCount "81"]

1.e4 e5 2.Nf3 Nc6 3.d4 exd4 4.Nxd4 Nf6 5.Nxc6 bxc6 6.e5 Qe7 7.Qe2 Nd5 8.c4
Ba6 9.b3 g6 10.f4 Bg7 11.Qf2 Nf6 12.Be2 Ne4 13.Qe3 f5 14.Ba3 d6 15.Nd2 g5 
16.exd6 Nxd6 17.Bh5+ Kf8 18.Qxe7+ Kxe7 19.O-O-O gxf4 20.Nf3 Rhc8 21.Rhe1+ 
Kf8 22.Nd4 Kg8 23.Nxc6 Kh8 24.Bf3 Bb7 25.Bxd6 cxd6 26.Ne7 Bxf3 27.Nxc8 
Bxd1 28.Re8+ Bf8 29.Kxd1 Kg7 30.Nxd6 Rxe8 31.Nxe8+ Kf7 32.Nc7 f3 33.gxf3 
Bd6 34.Nb5 Bxh2 35.Nxa7 h5 36.Ke2 h4 37.Kf2 h3 38.Nc6 Bf4 39.Nb4 Bd2 40.
Nd3 f4 41.Kg1 1-0